Groupes ultras en France #2 - Statistiques

Statistiques générales
  • Ce quiz a été pris 409 fois
  • Le résultat moyen est 13 sur 20
Statistiques - réponses
Groupe Ultra Club % Correct
Brigade Loire FC Nantes
98%
Boulogne Boys Paris Saint-Germain
98%
Dogues Virage Est LOSC
96%
Dodger's Olympique de Marseille
96%
South Winners Olympique de Marseille
96%
Kop Sang et Or RC Lens
94%
____1950 Olympique Lyonnais
87%
Ultras Lutetia Paris FC
87%
Indians ______ 1993 Toulouse FC
87%
Gruppa ____ FC Metz
78%
Gladiators 1991 Nîmes Olympique
68%
Saturday FC AS Nancy
63%
I Turchini SC Bastia
53%
Magic SCOP SCO Angers
50%
Kop Rouge 93 En Avant Guingamp
48%
Fanatigues FC Martigues
45%
Ultras Roisters Valenciennes FC
37%
Drouguis _______ US Orléans
29%
Kop Banlieue US Créteil
16%
South Wolf SC Toulon
13%
Aucun quiz correspondant
Distribution des résultats
% des personnes avec chaque résultat
Percentile par nombre de réponses
Votre historique - résultats
Vous n’avez pas pris ce quiz